[Event "XII Sabadell Open 2019"]
[Site "Sabadell"]
[Date "2019.09.03"]
[Round "2.10"]
[White "Rosado Perez, Maria Jose"]
[Black "Lorenzo De La Riva, Lazaro"]
[Result "0-1"]
[WhiteElo "1815"]
[BlackElo "2392"]
[Annotator "TA"]
[PlyCount "62"]
[EventDate "2019.09.01"]
[EventCountry "ESP"]
[SourceTitle "playchess.com"]
[Source "ChessBase"]
[SourceQuality "1"]

{[%evp 10,62,33,-10,0,-9,0,-11,35,-60,-11,-19,-19,-22,-7,-35,-29,-49,-33,-36,-52,-35,-41,-45,-56,-50,-33,-48,-7,-17,0,-53,-56,-115,-108,-183,-186,-194,-195,-205,-166,-206,-101,-108,-106,-397,-50,-147,-138,-134,-133,-384,-385,-378,-373]} 1. e4 c5 2. Nf3 e6 3. d4 cxd4 4. Nxd4 a6 5. c4 Nf6 6. f3 d5 {B41: Sicilian: Kan Variation: 5 c4} (6... Qc7 7. Be3 d6 8. Nc3 Be7 9. Be2 O-O 10. O-O Nbd7 11. a3 b6 12. b4 Bb7 13. Rc1 Rfe8 14. Kh1 Rac8 15. Nb3 Qb8 16. Na4 Bd8 17. c5 d5 18. cxb6 Rxc1 19. Nxc1 dxe4 20. fxe4 Bxe4 21. Bxa6 Nxb6 22. Bxb6 Bxb6 {0-1 (22) Rosado Perez,M (1846)-Rodriguez Velasco,G (2125) Medellin 2019}) 7. cxd5 exd5 8. e5 Nfd7 {The position is equal.} (8... Ne4 $5 9. fxe4 Qh4+ {[%mdl 64] Double Attack} 10. Kd2 Qxe4 $16) 9. e6 $146 (9. f4 $1 $14) ({Predecessor:} 9. f4 Bc5 10. Be3 Qb6 11. Qd2 Nc6 12. Nf5 O-O 13. Bxc5 Nxc5 14. Ng3 {0-1 (22) Vujic,A (1588)-Duda,D (1792) Rijeka 2017}) 9... fxe6 $15 10. Nxe6 Qh4+ 11. g3 Qe7 12. Qe2 Ne5 $1 13. Qxe5 {[#] Nc7+ is the strong threat.} Bxe6 14. Bg5 Nc6 15. Qe3 Qb4+ 16. Nc3 Kf7 {aiming for ...d4.} 17. Qf4+ Qxf4 18. Bxf4 Bc5 19. O-O-O Rhd8 20. Bd3 (20. Kb1 $11) 20... h6 21. Na4 {[#]} ({White should play} 21. g4 $15) 21... Ba7 $1 $17 22. Bc7 (22. Kb1 $17) 22... Rdc8 $36 {[%mdl 2048] Black is on the roll.} 23. Bb6 Nb4+ 24. Kd2 Nxd3 25. Kxd3 Bf5+ (25... Bd7 $19 {is more deadly.} 26. Bxa7 Bxa4) 26. Ke3 $17 Rc4 {( -> ...Re8+)} 27. g4 $2 {[%mdl 8192]} (27. Rxd5 $17 Bxb6+ 28. Nxb6 Re8+ 29. Kd2 Rc2+ {[%mdl 64] Double Attack} 30. Kd1 Rxb2 31. Rxf5+ Kg6 32. Rc5 Rb1+ 33. Rc1 Rxb6 34. Re1 Rxe1+ 35. Kxe1) 27... Bc2 $2 (27... Rxa4 28. Bxa7 Rxa7 29. gxf5 $17) (27... Re8+ $19 28. Kf2 Rc2+ 29. Kg3 Bb8+ 30. Kh4 g5+ 31. Kh3 Ree2) 28. Bxa7 ({Better is} 28. Rxd5 $15 Rxa4 29. Bxa7 Rxa7 30. Rc1) 28... Bxd1 ({Of course not} 28... Rxa7 $6 29. Nb6 $11) ({Don't play} 28... Rxa4 $6 29. Rd2 $11) (28... Bxa4 $6 29. b3 $11) 29. Nb6 Re8+ ({Much weaker is} 29... Rxa7 $6 30. Nxc4 dxc4 31. Rxd1 $11) 30. Kf2 $2 {[%mdl 8192]} (30. Kd2 $17 {only move.} Rc2+ 31. Kd3) 30... Rd4 $19 31. Kg3 {Now Nc8! and White clings on.} Rd2 {Played: Rd4-d3} 0-1

[Event "XII Sabadell Open 2019"]
[Site "Sabadell"]
[Date "2019.09.03"]
[Round "2.11"]
[White "Corredor, Fabian"]
[Black "Stella, Andrea"]
[Result "0-1"]
[WhiteElo "2068"]
[BlackElo "2487"]
[Annotator "TA"]
[PlyCount "34"]
[EventDate "2019.09.01"]
[EventCountry "ESP"]
[SourceTitle "playchess.com"]
[Source "ChessBase"]
[SourceQuality "1"]

{[%evp 11,34,-24,-14,-33,-38,-57,-50,-82,-37,-47,0,-22,-20,-85,-29,-35,-39,-495,-477,-585,-578,-656,-624,-643,-402]} 1. e4 e6 2. b3 d5 3. Bb2 dxe4 4. Nc3 Nf6 5. Qe2 Be7 6. O-O-O O-O 7. g4 {C00: French: Unusual White 2nd moves} (7. Nxe4 Nbd7 8. Nf3 a5 9. a4 b6 10. Nxf6+ Bxf6 11. d4 Bb7 12. Ne5 Bxe5 13. dxe5 Qg5+ 14. Kb1 Ba6 {1-0 (69) Bokelbrink,U (2312)-Parvanyan,A (2332) Germany 2016}) 7... Nc6 8. Nxe4 a5 9. a4 $1 {Black is slightly better.} Nd4 $146 ({Predecessor:} 9... Nb4 10. Bg2 Bd7 11. Nc3 Bc6 12. Bxc6 Nxc6 13. g5 Ne8 14. h4 {1-0 (72) Molenda,M (2138)-Nowak,L (2158) Karpacz 2015}) 10. Qe3 e5 11. Nxf6+ Bxf6 12. h3 (12. f3 $1 $11) 12... Re8 (12... b5 $17 {aiming for ...bxa4.} 13. Bg2 Be6 14. Bxa8 Qxa8) 13. Nf3 $11 Bd7 $36 {[%mdl 2048] Threatens to win with ...Nxf3. Black fights for an advantage.} 14. Nxe5 $2 {[%mdl 8192]} (14. Bd3 $1 $15) 14... Rxe5 $19 {Black is clearly winning.} 15. Qxd4 {[#]} Re1 $1 {[%cal Re1d1][%mdl 576] Discovered Attack} 16. Rxe1 Bxd4 17. Bd3 b5 {Accuracy: White = 22%, Black = 47%.} 0-1

[Event "XII Sabadell Open 2019"]
[Site "Sabadell"]
[Date "2019.09.03"]
[Round "2.12"]
[White "Martinez Romero, Martin"]
[Black "Kulkarni, Vinayak"]
[Result "0-1"]
[WhiteElo "2421"]
[BlackElo "2121"]
[Annotator "TA"]
[PlyCount "54"]
[EventDate "2019.09.01"]
[EventCountry "ESP"]
[SourceTitle "playchess.com"]
[Source "ChessBase"]
[SourceQuality "1"]

{[%evp 9,54,14,45,46,81,64,92,90,94,61,43,22,26,11,10,-11,122,79,75,83,110,-11,-13,-25,-41,-85,-101,-93,-103,-360,-349,-343,-330,-338,-330,-435,-427,-497,-490,-476,-350,-457,-451,-477,-460,-472,-471]} 1. e4 c5 2. Nf3 Nc6 3. Bb5 g6 4. O-O Bg7 5. Re1 Nh6 6. c3 {B31: Sicilian: 2...Nc6 3 Bb5 g6} Qa5 $146 ({Predecessor:} 6... Qb6 7. Na3 O-O 8. h3 e6 9. d4 cxd4 10. cxd4 d5 11. Bxc6 bxc6 12. e5 Ba6 13. Nc2 c5 14. dxc5 Qxc5 {1-0 (38) Adams,M (2727)-Johansson,L (2468) Germany 2017}) 7. Na3 {[%cal Bb1a3,Ba3c4,Bc4e3,Be3d5][%mdl 32]} O-O 8. d4 {White is better.} a6 9. Bf1 cxd4 10. cxd4 {Black must now prevent Bd2.} d5 11. exd5 Qxd5 12. Nc4 Ra7 (12... Bg4 $1 $11) 13. Ne3 Qd8 {[%cal Rc6d4]} 14. d5 Na5 15. d6 (15. Bd2 $16 {And now b4 would win.} b6 16. Qa4) 15... Qxd6 $11 16. Nd5 Be6 17. Bxh6 Bxh6 18. Qd4 Nc6 {[%cal Ba5c6,Bc6d4,Bd4f3][%mdl 32]} ({Stronger than} 18... Qxd5 19. Qxa7 Bc8 20. Qb6 $16) 19. Rxe6 $4 {[%mdl 8192] [#]} (19. Nf6+ $17 Kh8 20. Qxd6 exd6 21. Rad1) 19... fxe6 $19 ({And not} 19... Nxd4 20. Nxe7+ Qxe7 21. Rxe7 $11) 20. Qh4 exd5 21. Qxh6 {Black should prevent Ng5.} Qf4 22. Qh3 Nd4 23. Qd7 Nxf3+ 24. gxf3 Qd6 25. Qg4 Raa8 {Black is clearly winning.} 26. Rd1 e6 27. Bh3 Rae8 {Accuracy: White = 21%, Black = 46%.} 0-1

[Event "XII Sabadell Open 2019"]
[Site "Sabadell"]
[Date "2019.09.03"]
[Round "2.13"]
[White "Sole Bove, Josep"]
[Black "Fernandez Aguilar, Francisco"]
[Result "0-1"]
[WhiteElo "1764"]
[BlackElo "2040"]
[Annotator "NA RC"]
[PlyCount "73"]
[EventDate "2019.09.01"]
[EventCountry "ESP"]
[SourceTitle "playchess.com"]
[Source "ChessBase"]
[SourceQuality "1"]
[TimeControl "5400+30"]

1. e4 {[%emt 0:05:54]} e5 {[%emt 0:00:00]} 2. Nf3 {[%emt 0:00:22]} Nc6 {[%emt 0:00:00]} 3. Bb5 {[%emt 0:00:29]} a6 {[%emt 0:00:00]} 4. Bxc6 {[%emt 0:01:39]} dxc6 {[%emt 0:00:02]} 5. d3 {[%emt 0:00:20]} f6 {[%emt 0:00:40]} 6. Nbd2 {[%emt 0:00:38]} Be6 {[%emt 0:01:19]} 7. b3 {[%emt 0:02:15]} c5 {[%emt 0:02:01]} 8. Bb2 {[%emt 0:00:39]} Qd7 {[%emt 0:01:00]} 9. Qe2 {[%emt 0:00:18]} Ne7 {[%emt 0:00:40]} 10. Nc4 {[%emt 0:06:51]} Nc6 {[%emt 0:03:00]} 11. c3 {[%emt 0:06:53]} O-O-O {[%emt 0:12:54]} 12. O-O-O {[%emt 0:01:43]} Qf7 {[%emt 0:04:52]} 13. Kc2 {[%emt 0:08:10]} b5 {[%emt 0:05:42]} 14. Ne3 {[%emt 0:01:04]} b4 {[%emt 0:00:21]} 15. c4 {[%emt 0:00:39]} Nd4+ {[%emt 0:01:13]} 16. Nxd4 cxd4 {[%emt 0:00:55]} 17. Nf1 {[%emt 0:07:10]} Bc5 {[%emt 0:01:15]} 18. Nd2 {[%emt 0:03:43]} a5 {[%emt 0:02:56]} 19. Rdf1 {[%emt 0:00:00]} Bd6 {[%emt 0:08:07]} 20. g3 {[%emt 0:06:11]} Bh3 {[%emt 0:03:20]} 21. Ra1 {[%emt 0:01:49]} Qe7 {[%emt 0:00:44]} 22. Nb1 {[%emt 0:02:25]} a4 {[%emt 0:02:30]} 23. Nd2 {[%emt 0:08:32]} h5 {[%emt 0:03:01]} 24. bxa4 {[%emt 0:00:27]} Kd7 {[%emt 0:01:45]} 25. Nb3 {[%emt 0:04:11]} Ra8 {[%emt 0:00:00]} 26. a5 {[%emt 0:02:15]} c6 {[%emt 0:01:44]} 27. Qd2 {[%emt 0:02:00]} Bc7 {[%emt 0:02:10]} 28. a3 {[%emt 0:01:18]} Bd6 {[%emt 0:01:40]} 29. Qc1 {[%emt 0:05:58]} f5 {[%emt 0:03:41]} 30. axb4 {[%emt 0:03:41]} Bxb4 {[%emt 0:02:17]} 31. Ba3 {[%emt 0:00:39]} fxe4 {[%emt 0:00:35]} 32. dxe4 {[%emt 0:01:32]} Rhf8 {[%emt 0:02:34]} 33. f4 {[%emt 0:01:15]} exf4 {[%emt 0:00:46]} 34. Bxb4 {[%emt 0:00:50]} Qxb4 {[%emt 0:00:36]} 35. Ra4 {[%emt 0:00:24]} Qc3+ {[%emt 0:01:00]} 36. Kd1 {[%emt 0:01:00]} Qb4 {[%emt 0:00:07]} 37. Kc2 {[%emt 0:00:08]} 0-1

[Event "XII Sabadell Open 2019"]
[Site "Sabadell"]
[Date "2019.09.03"]
[Round "2.14"]
[White "Martinez Ferrer, Rafael"]
[Black "Ruiz Bravo, Alfonso"]
[Result "0-1"]
[WhiteElo "1752"]
[BlackElo "1947"]
[Annotator "NA"]
[PlyCount "80"]
[EventDate "2019.09.01"]
[EventCountry "ESP"]
[SourceTitle "playchess.com"]
[Source "ChessBase"]
[SourceQuality "1"]
[TimeControl "5400+30"]

1. e4 {[%emt 0:00:02]} c5 {[%emt 0:00:38]} 2. Nc3 {[%emt 0:00:08]} Nc6 {[%emt 0:00:22]} 3. f4 {[%emt 0:01:48]} g6 {[%emt 0:00:03]} 4. Nf3 {[%emt 0:00:19]} Bg7 {[%emt 0:00:17]} 5. Bb5 {[%emt 0:01:14]} d6 {[%emt 0:01:13]} 6. O-O {[%emt 0:00:57]} Bd7 {[%emt 0:00:32]} 7. d3 {[%emt 0:01:11]} e6 {[%emt 0:01:18]} 8. a4 {[%emt 0:03:14]} Nge7 {[%emt 0:05:54]} 9. Bc4 {[%emt 0:00:39]} Nd4 {[%emt 0:05:59]} 10. Nxd4 {[%emt 0:01:03]} cxd4 {[%emt 0:00:26]} 11. Nb5 {[%emt 0:07:54]} Bc6 {[%emt 0:00:08]} 12. Bb3 {[%emt 0:03:16]} a6 {[%emt 0:00:32]} 13. Na3 {[%emt 0:00:35]} b5 {[%emt 0:00:25]} 14. axb5 {[%emt 0:00:42]} axb5 {[%emt 0:00:15]} 15. Bd2 {[%emt 0:00:54]} d5 {[%emt 0:11:31]} 16. f5 {[%emt 0:03:32]} exf5 {[%emt 0:01:55]} 17. exf5 {[%emt 0:00:29]} Nxf5 {[%emt 0:01:24]} 18. Rxf5 {[%emt 0:07:33]} gxf5 {[%emt 0:01:55]} 19. Bb4 {[%emt 0:00:16]} Qg5 {[%emt 0:03:59]} 20. Qf1 {[%emt 0:01:45]} O-O-O {[%emt 0:10:01]} 21. Nb1 {[%emt 0:00:35]} Rde8 {[%emt 0:06:55]} 22. Nd2 {[%emt 0:06:57]} Re6 {[%emt 0:01:35]} 23. Nf3 {[%emt 0:06:30]} Qg4 {[%emt 0:00:37]} 24. h3 {[%emt 0:06:22]} Qg3 {[%emt 0:04:05]} 25. Be1 {[%emt 0:01:24]} Qb8 {[%emt 0:04:27]} 26. Bd2 {[%emt 0:14:10]} f4 {[%emt 0:02:35]} 27. Nh4 {[%emt 0:05:38]} Re3 {[%emt 0:01:08]} 28. Nf5 {[%emt 0:00:58]} Bf6 {[%emt 0:01:08]} 29. Bb4 {[%emt 0:01:21]} Re6 {[%emt 0:01:23]} 30. Qf3 {[%emt 0:02:09]} Qe5 {[%emt 0:00:01]} 31. Nh6 {[%emt 0:06:02]} Qe3+ 32. Kf1 Qxf3+ 33. gxf3 Re3 {[%emt 0:00:48]} 34. Kg2 {[%emt 0:02:32]} Rhe8 {[%emt 0:01:12]} 35. Nxf7 {[%emt 0:00:48]} Rg8+ {[%emt 0:00:57]} 36. Kh2 {[%emt 0:01:34]} Rxf3 {[%emt 0:01:43]} 37. Nd6+ {[%emt 0:05:48]} Kb8 {[%emt 0:01:37]} 38. Ra6 {[%emt 0:01:19]} Rf2+ {[%emt 0:01:12]} 39. Kh1 {[%emt 0:00:20]} Rf1+ {[%emt 0:00:45]} 40. Kh2 {[%emt 0:00:16]} f3 {[%emt 0:00:38]} 0-1

[Event "XII Sabadell Open 2019"]
[Site "Sabadell"]
[Date "2019.09.03"]
[Round "2.15"]
[White "Prats Rodriguez, Juan Bosco"]
[Black "Navajas Alvarez, Josep"]
[Result "1-0"]
[WhiteElo "1936"]
[BlackElo "1731"]
[Annotator "NA RC"]
[PlyCount "119"]
[EventDate "2019.09.01"]
[EventCountry "ESP"]
[SourceTitle "playchess.com"]
[Source "ChessBase"]
[SourceQuality "1"]
[TimeControl "5400+30"]

1. e4 {[%emt 0:00:00]} d6 {[%emt 0:00:06]} 2. d4 {[%emt 0:00:00]} Nf6 {[%emt 0:00:26]} 3. Nc3 {[%emt 0:00:04]} e5 {[%emt 0:00:40]} 4. Nf3 {[%emt 0:00:57]} Nbd7 {[%emt 0:01:29]} 5. Bc4 {[%emt 0:01:07]} exd4 {[%emt 0:02:09]} 6. Qxd4 {[%emt 0:01:31] C41: Philidor Defence} Be7 {[%emt 0:05:19]} (6... Nb6 7. Bf4 Be7 8. O-O-O Nxc4 9. Qxc4 O-O 10. Rhe1 Be6 11. Qf1 Qc8 12. Nd4 Bd7 13. f3 Rb8 {1-0 (29) Van Foreest,J (2615)-Sokolov,I (2623) Hoogeveen 2016}) 7. h3 {[%emt 0:05:55]} O-O {[%emt 0:00:00]} 8. O-O {[%emt 0:02:10]} Nb6 {[%emt 0:00:00]} 9. Bb3 {[%emt 0:08:52]} Bd7 {[%emt 0:02:13]} 10. a4 $146 {[%emt 0:05:00]} ({Predecessor:} 10. e5 dxe5 11. Nxe5 Bd6 12. Bg5 h6 13. Bh4 Be6 14. Bxe6 fxe6 {1-0 (45) Ding,L (2199)-Maar,S (1998) Vellmar 2016}) 10... a5 {[%emt 0:02:00]} 11. Bg5 {[%emt 0:02:42]} h6 {[%emt 0:04:38]} 12. Bh4 {[%emt 0:01:17]} Nh7 {[%emt 0:04:08]} 13. Bxe7 {[%emt 0:00:26]} Qxe7 {[%emt 0:01:17]} 14. Rfe1 {[%emt 0:03:49]} Ng5 {[%emt 0:01:36]} 15. Nxg5 {[%emt 0:07:16]} Qxg5 {[%emt 0:00:23]} 16. Re3 {[%emt 0:03:46]} Rfe8 {[%emt 0:05:51]} 17. Rd1 {[%emt 0:08:03]} Bc6 {[%emt 0:05:09]} 18. Rdd3 {[%emt 0:17:04]} Re7 {[%emt 0:03:36]} 19. Rf3 {[%emt 0:05:35]} Bd7 {[%emt 0:08:26]} 20. Rg3 {[%emt 0:00:00]} Qe5 {[%emt 0:00:55]} 21. Qxe5 {[%emt 0:00:00]} Rxe5 {[%emt 0:01:15]} 22. f4 {[%emt 0:00:00]} Re7 {[%emt 0:00:26]} 23. Rde3 {[%emt 0:00:57]} Rae8 {[%emt 0:01:19]} 24. Kf2 {[%emt 0:01:10]} Be6 {[%emt 0:01:34]} 25. Bxe6 {[%emt 0:00:39]} Rxe6 {[%emt 0:00:49]} 26. b3 {[%emt 0:04:50]} c6 {[%emt 0:03:13]} 27. Rd3 {[%emt 0:02:48]} Nc8 {[%emt 0:08:58]} 28. Rge3 {[%emt 0:00:00]} Kf8 {[%emt 0:02:12]} 29. Kf3 {[%emt 0:00:00]} f6 {[%emt 0:01:20]} 30. Ne2 {[%emt 0:00:00]} g6 {[%emt 0:01:10]} 31. Nd4 {[%emt 0:02:00]} R6e7 {[%emt 0:00:39]} 32. f5 {[%emt 0:00:18]} g5 {[%emt 0:00:55]} 33. Ne6+ {[%emt 0:00:40]} Kf7 {[%emt 0:01:24]} 34. c4 {[%emt 0:02:09]} c5 {[%emt 0:01:24]} 35. Re2 {[%emt 0:01:28]} h5 {[%emt 0:02:23]} 36. g3 {[%emt 0:02:00]} Rxe6 {[%emt 0:00:17]} 37. fxe6+ {[%emt 0:00:06]} Rxe6 {[%emt 0:00:08]} 38. Red2 {[%emt 0:02:25]} Kg6 {[%emt 0:03:12]} 39. Rd5 {[%emt 0:00:58]} Kh6 {[%emt 0:00:42]} 40. h4 {[%emt 0:00:27]} g4+ {[%emt 0:00:26]} 41. Kf4 {[%emt 0:00:48]} Kg6 {[%emt 0:00:39]} 42. Rd1 {[%emt 0:01:21]} b6 {[%emt 0:02:45]} 43. R1d2 {[%emt 0:00:31]} Kg7 $2 {[%emt 0:07:54]} (43... Re7 44. Rd1 Re8) 44. Rxh5 {[%emt 0:02:46]} Ne7 {[%emt 0:00:15]} 45. Rhd5 {[%emt 0:01:51]} Ng6+ $1 $11 {[%emt 0:00:34]} 46. Ke3 {[%emt 0:00:53]} (46. Kf5 Nf8 47. Rxd6 Re5+ 48. Kxg4 Rxe4+ 49. Kf3 Re6) 46... Ne7 {[%emt 0:00:20]} 47. Kf2 {[%emt 0:01:11]} Nc8 $2 {[%emt 0:00:21]} (47... Nxd5 {was called for.} 48. Rxd5 (48. exd5 Re5 $11) 48... Rxe4) 48. Ke3 $2 {[%emt 0:00:42]} (48. Rf5 $18) 48... Ne7 {[%emt 0:00:09]} 49. Kf4 $2 {[%emt 0:00:46]} ({Better is} 49. R5d3 $18) 49... Nc8 $18 {[%emt 0:01:38]} 50. Kxg4 {[%emt 0:00:38]} Rxe4+ {[%emt 0:00:09]} 51. Kf3 {[%emt 0:00:26]} Re6 {[%emt 0:00:04]} 52. g4 {[%emt 0:00:27]} Kf7 {[%emt 0:01:19]} 53. R2d3 {[%emt 0:00:54]} Kg6 {[%emt 0:00:37]} 54. Re3 {[%emt 0:00:23]} Rxe3+ {[%emt 0:02:17]} 55. Kxe3 {[%emt 0:00:01]} Kf7 {[%emt 0:00:19]} 56. Kf4 {[%emt 0:00:23]} Kg6 {[%emt 0:00:36]} 57. h5+ {[%emt 0:00:34]} Kf7 {[%emt 0:00:55]} 58. Rd1 {[%emt 0:00:48]} Ke6 {[%emt 0:02:22]} 59. Re1+ {[%emt 0:00:43]} Kf7 {[%emt 0:00:01]} 60. h6 {[%emt 0:00:13]} 1-0

[Event "XII Sabadell Open 2019"]
[Site "Sabadell"]
[Date "2019.09.03"]
[Round "2.16"]
[White "Bedoya Rosales, Luis"]
[Black "Fernandez Climent, Albert"]
[Result "1-0"]
[WhiteElo "1918"]
[BlackElo "1674"]
[Annotator "NA"]
[PlyCount "61"]
[EventDate "2019.09.01"]
[EventCountry "ESP"]
[SourceTitle "playchess.com"]
[Source "ChessBase"]
[SourceQuality "1"]
[TimeControl "5400+30"]

1. e4 {[%emt 0:00:37]} c5 {[%emt 0:00:50]} 2. Nf3 {[%emt 0:00:27]} e6 {[%emt 0:00:08]} 3. d4 {[%emt 0:00:05]} cxd4 {[%emt 0:00:18]} 4. Nxd4 {[%emt 0:00:23]} Nf6 {[%emt 0:00:28]} 5. Nc3 {[%emt 0:00:49]} d6 {[%emt 0:00:08]} 6. Bc4 {[%emt 0:00:27]} Nbd7 {[%emt 0:01:32]} 7. Bb3 {[%emt 0:00:23]} a6 {[%emt 0:01:24]} 8. f4 {[%emt 0:02:21]} Nc5 {[%emt 0:00:23]} 9. O-O {[%emt 0:05:22]} Nfxe4 {[%emt 0:00:09]} 10. Nxe4 {[%emt 0:00:09]} Nxe4 {[%emt 0:00:19]} 11. f5 {[%emt 0:00:03]} e5 {[%emt 0:01:36]} 12. Qh5 {[%emt 0:01:03]} d5 {[%emt 0:05:28]} 13. Re1 {[%emt 0:10:47]} Qd7 {[%emt 0:14:56]} 14. Rxe4 {[%emt 0:23:23]} dxe4 {[%emt 0:03:30]} 15. Ne6 {[%emt 0:13:28]} Bc5+ {[%emt 0:32:04]} 16. Kh1 {[%emt 0:00:21]} g6 {[%emt 0:03:35]} 17. fxg6 {[%emt 0:00:22]} fxg6 {[%emt 0:00:09]} 18. Qe2 {[%emt 0:01:22]} Qxe6 {[%emt 0:05:28]} 19. Bxe6 {[%emt 0:00:39]} Bxe6 {[%emt 0:05:29]} 20. Be3 {[%emt 0:00:18]} Bxe3 {[%emt 0:02:58]} 21. Qxe3 {[%emt 0:00:37]} Bf5 {[%emt 0:00:58]} 22. Qc5 {[%emt 0:02:05]} Rc8 {[%emt 0:00:03]} 23. Qxe5+ {[%emt 0:00:17]} Kf7 {[%emt 0:02:18]} 24. Qd5+ {[%emt 0:00:31]} Kf6 {[%emt 0:02:53]} 25. Rf1 {[%emt 0:06:03]} Kg7 {[%emt 0:01:44]} 26. g4 {[%emt 0:08:19]} Bxg4 {[%emt 0:00:30]} 27. Rf7+ {[%emt 0:00:03]} Kh6 {[%emt 0:00:41]} 28. h4 {[%emt 0:00:07]} Bf5 {[%emt 0:00:56]} 29. Qd2+ {[%emt 0:00:06]} e3 {[%emt 0:01:10]} 30. Qxe3+ {[%emt 0:00:04]} Kh5 {[%emt 0:00:23]} 31. Qg5# {[%emt 0:00:02]} 1-0

[Event "XII Sabadell Open 2019"]
[Site "Sabadell"]
[Date "2019.09.04"]
[Round "3.1"]
[White "Sanchez, Sebastian Felipe"]
[Black "Sturt, Raven"]
[Result "0-1"]
[WhiteElo "2413"]
[BlackElo "2478"]
[Annotator "TA"]
[PlyCount "75"]
[EventDate "2019.09.01"]
[EventCountry "ESP"]
[SourceTitle "playchess.com"]
[Source "ChessBase"]
[SourceQuality "1"]

{[%evp 15,75,23,52,15,12,25,20,12,35,38,22,24,21,21,24,13,47,0,13,0,14,0,15,-62,-62,-64,-70,-62,-72,-66,-48,-61,-52,-48,-62,-72,-67,-56,-42,-39,-33,-61,-36,-149,-155,-168,-152,-214,-223,-310,-307,-304,-304,-304,-308,-315,-308,-297,-302,-519,-519,-833]} 1. d4 Nf6 2. c4 g6 3. g3 Bg7 4. Bg2 d6 5. Nc3 O-O 6. Nf3 Nc6 7. O-O a6 8. Qd3 Nd7 9. Bg5 {E63: King's Indian: Fianchetto: Panno Variation with 7...a6} h6 10. Be3 e5 11. Qd2 {The position is equal.} Kh7 12. Rad1 f5 $146 ({Predecessor:} 12... exd4 13. Nxd4 Nce5 14. b3 Re8 15. h3 Nb6 16. Nd5 Ned7 17. Nxb6 Nxb6 18. Nc2 Nd7 19. Nb4 Nf6 20. Nd5 Rb8 21. Ba7 {½-½ (21) Tal,M (2575)-Badea,B (2445) Porz 1991}) 13. dxe5 dxe5 14. Qc1 Rf7 15. Nd5 b6 16. Bg5 Qh8 $1 17. Nxc7 Ra7 $1 {[%cal Ra7c7]} 18. Ne6 e4 19. Nxg7 (19. Nh4 $2 Bxb2 20. Qe3 Nde5 $19) (19. Bxh6 $1 $11 Bxh6 20. Nfg5+ Kg8 21. Nxf7 Kxf7 22. Ng5+ Ke8 23. f3) 19... exf3 $15 (19... Qxg7 $6 20. Bxh6 Qxh6 21. Ng5+ Kg7 22. Ne6+ Kh7 23. Rd6 $16) 20. Bxf3 Qxg7 21. Bxc6 {And now Be3 would win.} hxg5 22. Qxg5 Ne5 23. Rd8 {Qh4+ is the strong threat.} Qf6 $1 {[%cal Rf6g5]} 24. Qxf6 Rxf6 25. Bd5 Rc7 26. Rd1 g5 ({Not} 26... Nxc4 27. Rd4 $16) 27. Re8 Ng6 ({Of course not} 27... Nxc4 $6 28. Rc1 $16) 28. e4 fxe4 29. Bxe4 (29. b3 $15) 29... Rxc4 $17 30. Rdd8 {White wants to mate with Re7+.} Be6 $1 31. Re7+ (31. f3 $17 {keeps fighting.}) 31... Bf7 $1 $19 ({Weaker is} 31... Kh6 32. Rh8+ $1 {[%mdl 512]} Nxh8 33. Rh7#) 32. Rdd7 {[#]} Rc1+ $1 {[%mdl 64] Discovered Attack} 33. Kg2 {[#]} Kg7 $1 34. Re8 Re1 35. f3 Re2+ 36. Kh3 Rxb2 37. Kg4 $2 (37. Bd5) 37... Rxa2 38. Kh5 {Accuracy: White = 43%, Black = 83%.} (38. Bd5 $142 Ra5 39. Bxf7 Rxf7 40. Rxf7+ Kxf7 41. Re4) 0-1

[Event "XII Sabadell Open 2019"]
[Site "Sabadell"]
[Date "2019.09.04"]
[Round "3.2"]
[White "Valdes Romero, Leonardo"]
[Black "Oliva Castaneda, Kevel"]
[Result "1/2-1/2"]
[WhiteElo "2399"]
[BlackElo "2470"]
[Annotator "TA"]
[PlyCount "116"]
[EventDate "2019.09.01"]
[EventCountry "ESP"]
[SourceTitle "playchess.com"]
[Source "ChessBase"]
[SourceQuality "1"]

{[%evp 15,116,2,22,0,-4,0,17,-22,-9,-10,-13,-21,-11,-25,-17,-15,-25,-24,-10,-36,-61,-48,-18,-55,-54,-56,-56,-58,-51,-77,-74,-74,-77,-71,-79,-94,-53,-44,0,0,79,73,128,129,112,72,101,82,100,81,87,87,118,124,133,46,137,105,83,-14,19,0,0,0,0,-21,-4,-45,-11,-15,-13,-19,-29,-27,-18,-31,-4,-98,-10,-104,-104,-108,0,0,0,0,0,0,71,77,172,8,8,8,248,233,199,189,180,177,146,-3,4]} 1. Nf3 d5 2. g3 c6 3. Bg2 Bg4 4. O-O Nd7 5. d4 e6 6. c4 Bd6 7. cxd5 exd5 8. Nc3 Ngf6 9. Nh4 {A07: Réti Opening: New York and Capablanca Systems} O-O (9... Nb6 10. f3 Be6 11. e4 Be7 12. e5 Nfd7 13. f4 Bxh4 14. f5 Bxf5 15. Rxf5 Be7 16. Qg4 g6 {1-0 (30) Grischuk,A (2771)-Postny,E (2615) St Petersburg 2018}) 10. f3 Bh5 $146 ({Predecessor:} 10... Be6 11. e4 Be7 12. Qd3 dxe4 13. fxe4 Ne5 14. Qd1 Bg4 15. Qd2 Nc4 16. Qf2 Be6 {1-0 (64) Peuraniemi,P (2451)-Bures,J (2444) ICCF email 2014}) 11. Nf5 Bc7 12. Qb3 Nb6 13. Bh3 Re8 14. Qd1 Nc4 15. Qd3 Nd6 16. Nxd6 Bxd6 17. Be3 Bg6 18. Qd2 Qc7 19. Bf2 Re7 20. Rac1 a6 21. Rfd1 Rae8 22. Bf1 h5 23. Qg5 Qb6 24. Qd2 {[#]} h4 $1 {[%mdl 512]} 25. e3 (25. gxh4 Qc7) 25... hxg3 26. hxg3 Nh7 27. Kg2 f5 (27... Qd8 $11) 28. Bd3 $1 $16 Rf7 (28... Qd8 $142) 29. Rh1 $1 Qd8 30. Ne2 Nf8 31. Rh2 Bh7 32. Rch1 g5 33. Qc2 Qf6 34. Rh6 Bg6 35. a3 (35. Rh8+ $16 Qxh8 36. Rxh8+ Kxh8 37. g4) 35... Rh7 {[#]} (35... Re6 $14) 36. Rxh7 $1 Nxh7 {[#]} 37. Qb1 (37. g4 $1 $16) 37... Nf8 38. Rh6 Qg7 39. Qh1 Re6 40. Kf1 Nh7 41. Ng1 Bf8 42. Rxg6 {[%mdl 64] Remove Defender} Rxg6 43. Bxf5 Rh6 44. Qg2 Nf6 45. g4 Bd6 {White must now prevent ...Rh2.} 46. Bg3 (46. f4 $1 $11 Ne4 47. Bxe4 dxe4 48. f5) 46... Qc7 ({Black should play} 46... Ne8 $17 47. Ne2 Bxg3 48. Nxg3 Nd6) 47. Ne2 (47. Bxd6 $11 {remains equal.} Qxd6 48. f4) 47... Bxg3 $17 48. Nxg3 c5 (48... Ne8 $17) 49. dxc5 $1 $11 Qxc5 {Strongly threatening ...Qc1+.} 50. Qd2 Qd6 51. Kg2 Nh7 (51... Kf8 $11 {keeps the balance.}) 52. Qd4 Kf7 (52... Nf6 $16) 53. e4 $2 ({White has to play} 53. f4 $18) 53... dxe4 $1 54. Qxd6 Rxd6 $2 (54... exf3+ $11 {and Black is okay.} 55. Kxf3 Rxd6 56. Bxh7 Rd2) 55. Nxe4 $18 ({Stronger than} 55. Bxh7 Rd2+ 56. Kf1 exf3 $11) 55... Rb6 56. Bxh7 Rxb2+ 57. Kg3 Ra2 58. Nf2 (58. Nxg5+ $16 Ke7 59. Ne6) 58... Ke8 {Accuracy: White = 42%, Black = 46%.} 1/2-1/2